[Event "Banska Bystrica Regional Cup"]
[Site "Banska Bystrica"]
[Date "2016.05.08"]
[Round "4.4"]
[White "Miklasova, Emma"]
[Black "Tomascik, Lukas"]
[Result "1-0"]
[WhiteElo "1553"]
[BlackElo "1391"]
[PlyCount "63"]
[EventDate "2016.05.06"]
[EventType "team-tourn"]
[EventRounds "5"]
[EventCountry "SVK"]
[SourceTitle "CBM 172 Extra"]
[Source "ChessBase"]
[SourceDate "2016.06.21"]
[SourceVersion "1"]
[SourceVersionDate "2016.06.21"]
[SourceQuality "1"]
[WhiteTeam "Liptov Chess School"]
[BlackTeam "Presov Slavia"]
[WhiteTeamCountry "SVK"]
[BlackTeamCountry "SVK"]

1. d4 Nf6 2. c4 d5 3. Nc3 c6 4. Nf3 e6 5. cxd5 cxd5 6. e3 Nc6 7. a3 Bd6 8. Bd3 e5 9. dxe5 Bxe5 10. Bd2 Bg4 11. Be2 d4 12. Nxe5 Nxe5 13. Qa4+ Nc6 14. exd4 Qxd4 15. Bb5 0-0-0 16. Be3 Rhe8 17. Qxd4 Nxd4 18. 0-0 Nxb5 19. Nxb5 a6 20. Rac1+ Kb8 21. Bf4+ Ka8 22. Nc7+ Ka7 23. Nxe8 Rxe8 24. Rfe1 Be6 25. h3 Nh5 26. Be5 Nf6 27. Bxf6 gxf6 28. Rc3 f5 29. Rg3 h6 30. Rg7 Rh8 31. Re5 b6 32. Rxe6 1-0

[Event "Banska Bystrica Regional Cup"]
[Site "Banska Bystrica"]
[Date "2016.05.08"]
[Round "5.4"]
[White "Tomascik, Lukas"]
[Black "Hrebicik, David"]
[Result "0-1"]
[WhiteElo "1391"]
[BlackElo "1679"]
[PlyCount "80"]
[EventDate "2016.05.06"]
[EventType "team-tourn"]
[EventRounds "5"]
[EventCountry "SVK"]
[SourceTitle "CBM 172 Extra"]
[Source "ChessBase"]
[SourceDate "2016.06.21"]
[SourceVersion "1"]
[SourceVersionDate "2016.06.21"]
[SourceQuality "1"]
[WhiteTeam "Presov Slavia"]
[BlackTeam "Povazske Podhradie"]
[WhiteTeamCountry "SVK"]
[BlackTeamCountry "SVK"]

1. e4 c5 2. Nf3 d6 3. d4 cxd4 4. Nxd4 Nf6 5. Nc3 a6 6. Bd3 e6 7. Nf3 Nbd7 8. Bf4 b5 9. e5 dxe5 10. Bxe5 Nxe5 11. Nxe5 Bd6 12. Qe2 Qc7 13. Ng4 Nxg4 14. Qxg4 Bb7 15. Be4 f5 16. Bxb7 fxg4 17. Bxa8 0-0 18. Be4 Bb4 19. 0-0 Bxc3 20. bxc3 Qxc3 21. g3 Qd4 22. Rae1 e5 23. Bb7 Rb8 24. Be4 Rf8 25. Bd3 Qd5 26. Rc1 Rf6 27. Rfd1 Qxa2 28. Ra1 Qb2 29. Be4 g6 30. Rab1 Qc3 31. Rf1 Qd4 32. Rbe1 a5 33. Kg2 a4 34. Bd3 b4 35. Re4 Qb2 36. Rxg4 a3 37. Re4 a2 38. Ree1 Rd6 39. Ra1 Rxd3 40. cxd3 b3 0-1

[Event "SVK-ch U16"]
[Site "Tatralandia"]
[Date "2015.04.25"]
[Round "9"]
[White "Tomascik, Lukas"]
[Black "Kralik, Erik"]
[Result "0-1"]
[WhiteElo "1302"]
[BlackElo "1644"]
[PlyCount "78"]
[EventDate "2015.04.18"]
[EventType "swiss"]
[EventRounds "9"]
[EventCountry "SVK"]
[SourceTitle "CBM 166 Extra"]
[Source "ChessBase"]
[SourceDate "2015.06.18"]
[SourceVersion "1"]
[SourceVersionDate "2015.06.18"]
[SourceQuality "1"]

1. e4 e5 2. Nf3 d6 3. d4 exd4 4. Nxd4 g6 5. Nc3 Bg7 6. Be3 Nf6 7. Qd2 h6 8. 0-0-0 Bd7 9. Be2 Nc6 10. Kb1 Qe7 11. f3 a6 12. Rdg1 g5 13. g4 0-0-0 14. Nxc6 Bxc6 15. Qd4 Nxe4 16. Qxg7 Nxc3+ 17. Qxc3 Rhe8 18. Bd2 Qxe2 19. Re1 Qxf3 20. Qxf3 Bxf3 21. Rxe8 Rxe8 22. Rg1 Re2 23. Kc1 Rxh2 24. Rg3 Rh1+ 25. Be1 Rxe1+ 26. Kd2 Rd1+ 27. Ke3 Bd5 28. b3 Rh1 29. c4 Be6 30. Rg2 c5 31. Ke4 Kd7 32. Kd3 b5 33. cxb5 axb5 34. Kc3 b4+ 35. Kb2 Bd5 36. Rd2 Kc6 37. a4 Rg1 38. a5 Rg2 39. Rxg2 Bxg2 0-1